01838nam a2200397 a 4500001001200000003000800012006001900020007001500039008004100054010001700095015001900112016001800131020003900149020003600188040002100224035002100245043001200266050002600278082001800304100002600322245011800348260004800466300002300514504006600537505030900603533015200912650003601064650003601100650004501136650003401181650003601215655002901251710001701280856012601297999001701423ebr10347221CaPaEBRm u cr cn|||||||||070817s2008 ctua sb 001 0 eng  z 2007034309 aGBA8175562bnb7 z0145192472Uk z9780300119671 (cloth : alk. paper) z0300119674 (cloth : alk. paper) aCaPaEBRcCaPaEBR a(OCoLC)586098207 an-us---14aHQ759.48b.G55 2008eb04a306.874/32221 aGilbert, Neil,d1940-12aA mother's workh[electronic resource] :bhow feminism, the market, and policy shape family life /cNeil Gilbert. aNew Haven :bYale University Press,cc2008. axi, 228 p. :bill. aIncludes bibliographical references (p. [191]-217) and index.0 aThe social context : motherhood in decline? -- Work and family : the choices women make -- Capitalism and motherhood : does it pay to have children? -- Feminist expectations : who suffers from the problem that has no name? -- How family friendly are family-friendly policies? -- Rethinking family policy. aElectronic reproduction.bPalo Alto, Calif. :cebrary,d2013.nAvailable via World Wide Web.nAccess may be limited to ebrary affiliated libraries. 0aWorking motherszUnited States. 0aWork and familyzUnited States. 0aWomen in the professionszUnited States. 0aFamily policyzUnited States. 0aFeminist theoryzUnited States. 7aElectronic books.2local2 aebrary, Inc.40uhttp://site.ebrary.com/lib/rucke/Doc?id=10347221zAn electronic book accessible through the World Wide Web; click to view c44302d44302